Determinants that influence bank profitability diplomová práca

Enregistré dans:
Détails bibliographiques
Auteur principal: Dimishkovski, Nikola
Collectivité auteur: Národohospodárska fakulta EU. Katedra financií
Autres auteurs: Gertler, Ľubomíra, 1977-
Format: Livre
Langue:anglais
Publié: Bratislava 2018
Tags: Ajouter un tag
Pas de tags, Soyez le premier à ajouter un tag!

MARC

LEADER 00000nbm a2200000 4500
001 0244346
005 20181114085312.6
041 0 |a eng 
044 |a SK 
245 1 0 |a Determinants that influence bank profitability  |b diplomová práca  |c Nikola Dimishkovski ; školiteľ: Ľubomíra Gertler 
264 1 |a Bratislava  |c 2018 
300 |a 28 s. 
100 1 |a Dimishkovski, Nikola 
700 1 |a Gertler, Ľubomíra, 1977- 
710 2 |a Národohospodárska fakulta EU. Katedra financií